00365nam a2200109Ia 4500008004100000082002100041100002200062245003000084942001200114999001900126952011000145210430s9999 xx 000 0 und d a658.4092 H4322 R aJoe Healey954072 aRadical TrustcJoe Healey cBK2ddc c564533d564533 001040708NFICaSCMEbSCMEcGENd0008-05-11l0o658.4092 H4322 RpSCME-3750r2021-04-30w2021-04-30yBK